Dopad finančnej a hospodárskej krízy na vybraný podnik diplomová práca

Guardado en:
Detalles Bibliográficos
Autor principal: Palíková, Diana
Autor Corporativo: Fakulta podnikového manažmentu EU. Katedra podnikových financií
Otros Autores: Moravčíková, Elena, 1967-
Formato: Libro
Lenguaje:eslovaco
Publicado: Bratislava 2014
Etiquetas: Agregar Etiqueta
Sin Etiquetas, Sea el primero en etiquetar este registro!

MARC

LEADER 00000nbm a2200000 4500
001 0188070
005 20170201093021.0
041 0 |a slo 
044 |a SK 
245 1 0 |a Dopad finančnej a hospodárskej krízy na vybraný podnik  |b diplomová práca  |c Diana Palíková ; školiteľ: Elena Moravčíková 
264 1 |a Bratislava  |c 2014 
300 |a 87 s. 
100 1 |a Palíková, Diana 
700 1 |a Moravčíková, Elena, 1967- 
710 2 |a Fakulta podnikového manažmentu EU. Katedra podnikových financií